[Event "Titled Tuesday intern op 5th May"]
[Site "Chess.com INT"]
[Date "2020.05.05"]
[Round "8"]
[White "Weinstein, Norman"]
[Black "Wang, Kevin"]
[Result "1-0"]
[WhiteElo "2450"]
[BlackElo "2071"]
[PlyCount "45"]
[EventDate "2020.05.05"]
[EventType "swiss (blitz)"]
[EventRounds "10"]
[EventCountry "USA"]
[SourceTitle "EXT 2021"]
[Source "ChessBase"]
[SourceDate "2020.10.23"]
[SourceVersion "1"]
[SourceVersionDate "2020.10.23"]
[SourceQuality "1"]

1. e4 c5 2. Nf3 d6 3. Nc3 Nf6 4. e5 dxe5 5. Nxe5 e6 6. g3 Be7 7. Bg2 0-0 8. d3 Nbd7 9. Nc4 Nb6 10. 0-0 Nxc4 11. dxc4 Qb6 12. Qf3 Rd8 13. b3 Ne8 14. Bb2 Bf6 15. Rad1 Rxd1 16. Rxd1 Rb8 17. Qf4 Ra8 18. Na4 Qa5 19. Bxf6 Nxf6 20. Qd6 Ne8 21. Qe7 Bd7 22. Rxd7 Qe1+ 23. Bf1 1-0

[Event "Titled Tuesday intern op 14th April"]
[Site "Chess.com INT"]
[Date "2020.04.14"]
[Round "2"]
[White "Stany, George Anthony"]
[Black "Weinstein, Norman"]
[Result "1-0"]
[WhiteElo "2522"]
[BlackElo "2450"]
[PlyCount "83"]
[EventDate "2020.04.14"]
[EventType "swiss (blitz)"]
[EventRounds "10"]
[EventCountry "USA"]
[SourceTitle "EXT 2021"]
[Source "ChessBase"]
[SourceDate "2020.10.23"]
[SourceVersion "1"]
[SourceVersionDate "2020.10.23"]
[SourceQuality "1"]

1. e4 c5 2. Nf3 d6 3. Bb5+ Bd7 4. Bxd7+ Nxd7 5. 0-0 Ngf6 6. Re1 e6 7. d4 cxd4 8. Nxd4 a6 9. c4 Be7 10. b3 0-0 11. Bb2 Qc7 12. Nc3 Rad8 13. Rc1 Rfe8 14. Qd2 Bf8 15. f3 g6 16. Red1 b6 17. Qf2 Qb7 18. Nde2 Rc8 19. Nb1 Be7 20. Nf4 b5 21. Na3 Rc7 22. Qe2 Rb8 23. Kh1 Bf8 24. Nd3 Be7 25. e5 dxe5 26. Nxe5 Nxe5 27. Qxe5 Rc5 28. Qe3 bxc4 29. Bxf6 cxb3 30. Rxc5 Bxc5 31. Qxc5 bxa2 32. h3 Qb3 33. Qc1 a5 34. Qh6 Qxd1+ 35. Kh2 Qd6+ 36. g3 Qf8 37. Qf4 Rb1 38. Qe4 a1Q 39. Bxa1 Rxa1 40. Nc4 Ra4 41. Qc2 Qe8 42. Ne5 1-0

[Event "Titled Tuesday intern op 14th April"]
[Site "Chess.com INT"]
[Date "2020.04.14"]
[Round "4"]
[White "Talu, Mircea"]
[Black "Weinstein, Norman"]
[Result "1-0"]
[WhiteElo "2351"]
[BlackElo "2450"]
[PlyCount "121"]
[EventDate "2020.04.14"]
[EventType "swiss (blitz)"]
[EventRounds "10"]
[EventCountry "USA"]
[SourceTitle "EXT 2021"]
[Source "ChessBase"]
[SourceDate "2020.10.23"]
[SourceVersion "1"]
[SourceVersionDate "2020.10.23"]
[SourceQuality "1"]

1. d4 c5 2. d5 e5 3. e4 d6 4. Nc3 Be7 5. Nf3 Bg4 6. Be2 Bxf3 7. Bxf3 Bg5 8. 0-0 Bxc1 9. Qxc1 Nf6 10. g3 h5 11. h4 Nbd7 12. Qg5 g6 13. a3 a6 14. Bg2 b5 15. Bh3 b4 16. axb4 cxb4 17. Bxd7+ Nxd7 18. Na2 Qxg5 19. hxg5 Rb8 20. Nc1 Nc5 21. f3 Ke7 22. Nd3 Rhc8 23. Nxc5 Rxc5 24. Rxa6 Rxc2 25. Ra7+ Ke8 26. Rf2 b3 27. Ra6 Kd7 28. Ra7+ Rc7 29. Rxc7+ Kxc7 30. Rf1 Rb4 31. Rc1+ Kd7 32. Rc3 Rb7 33. Kf2 Ke7 34. Ke3 f6 35. gxf6+ Kxf6 36. Rc6 Ke7 37. Kd3 g5 38. Rc1 Rb8 39. Rh1 Rf8 40. Ke3 Rh8 41. Kd3 h4 42. Kc3 hxg3 43. Rg1 Rh3 44. Kxb3 Kf6 45. Kc4 g4 46. fxg4 Kg5 47. Kb5 Kxg4 48. Kc6 Rh6 49. b4 Kf3 50. b5 Kf2 51. Ra1 g2 52. b6 g1Q 53. Rxg1 Kxg1 54. b7 Rh8 55. Kxd6 Kf2 56. Kc7 Rh7+ 57. Kc6 Rh8 58. d6 Ke3 59. Kc7 Kxe4 60. b8Q Rxb8 61. Kxb8 1-0

[Event "Titled Tuesday intern op 14th April"]
[Site "Chess.com INT"]
[Date "2020.04.14"]
[Round "6"]
[White "Weinstein, Norman"]
[Black "Chylewski, Patryk"]
[Result "0-1"]
[WhiteElo "2450"]
[BlackElo "2344"]
[PlyCount "54"]
[EventDate "2020.04.14"]
[EventType "swiss (blitz)"]
[EventRounds "10"]
[EventCountry "USA"]
[SourceTitle "EXT 2021"]
[Source "ChessBase"]
[SourceDate "2020.10.23"]
[SourceVersion "1"]
[SourceVersionDate "2020.10.23"]
[SourceQuality "1"]

1. e4 c5 2. Nf3 e6 3. Nc3 Nc6 4. g3 Nf6 5. Bg2 d5 6. exd5 exd5 7. d4 cxd4 8. Nxd4 Be7 9. 0-0 0-0 10. Be3 Bg4 11. Qd2 Ne5 12. b3 Rc8 13. Nce2 Ne4 14. Qe1 Re8 15. h3 Bh5 16. g4 Bg6 17. f4 Bh4 18. Qb4 a5 19. Qxb7 Nc5 20. Qa7 Re7 21. Qxe7 Bxe7 22. fxe5 Ne4 23. Kh2 Bg5 24. Bg1 Qe7 25. Nf3 Rxc2 26. Ned4 Bf4+ 27. Kh1 Ng3+ 0-1

[Event "Titled Tuesday intern op 3rd Sept"]
[Site "Chess.com INT"]
[Date "2019.09.03"]
[Round "8"]
[White "Weinstein, Norman"]
[Black "Yoo, Christopher Woojin"]
[Result "1/2-1/2"]
[WhiteElo "2450"]
[BlackElo "2451"]
[PlyCount "185"]
[EventDate "2019.09.03"]
[EventType "swiss (blitz)"]
[EventRounds "10"]
[EventCountry "USA"]
[SourceTitle "EXT 2021"]
[Source "ChessBase"]
[SourceDate "2020.10.23"]
[SourceVersion "1"]
[SourceVersionDate "2020.10.23"]
[SourceQuality "1"]

1. e4 c5 2. Nf3 d6 3. Nc3 Nf6 4. e5 dxe5 5. Nxe5 a6 6. g3 Qd6 7. Qe2 Nc6 8. Nxc6 Qxc6 9. Rg1 Bg4 10. Qe3 0-0-0 11. Bg2 Qc7 12. d3 e6 13. Bd2 Nd5 14. Nxd5 exd5 15. h3 Bd6 16. hxg4 Rhe8 17. Be4 Qc6 18. f3 Qa4 19. b3 Qa3 20. Bc3 d4 21. Bxd4 cxd4 22. Qe2 g6 23. g5 h6 24. f4 hxg5 25. fxg5 Qa5+ 26. Kf1 Qxg5 27. Qf3 Re7 28. g4 Rh8 29. Re1 Rh2 30. Rg2 Rh1+ 31. Rg1 Rxg1+ 32. Kxg1 Kb8 33. Re2 f5 34. Bd5 fxg4 35. Qf8+ Ka7 36. Rxe7 Bxe7 37. Qf7 Qe3+ 38. Kg2 Qe2+ 39. Kg3 Bd6+ 40. Kh4 Be7+ 41. Kg3 Kb6 42. Qe6+ Qxe6 43. Bxe6 Kc5 44. a3 Kb6 45. b4 a5 46. bxa5+ Kxa5 47. a4 Kxa4 48. Kxg4 Kb4 49. Bb3 Kc3 50. Kf4 g5+ 51. Kg4 b5 52. Kf5 Kd2 53. Ke4 Bf6 54. Kf5 Bd8 55. Ke4 Kc3 56. Kf5 b4 57. Ke4 Bc7 58. Kf5 Bf4 59. Ke4 Kd2 60. Kf5 Be3 61. Kg4 Ke2 62. Ba4 Bd2 63. Bb3 Kf2 64. Ba4 Bc1 65. Bb3 Ke2 66. Ba4 Be3 67. Bb3 Kd2 68. Ba4 Kc1 69. Bb3 Kb2 70. Kf3 Ka3 71. Kg4 Bd2 72. Kf3 Kb2 73. Kg4 Kc1 74. Ba4 Kd1 75. Bb3 Be3 76. Ba4 Bf4 77. Bb3 Kd2 78. Ba4 Ke3 79. Bb3 Kf2 80. Ba4 Be3 81. Bb3 Bc1 82. Ba4 Bd2 83. Bb3 Bc1 84. Ba4 Ke2 85. Bb3 Kd1 86. Ba4 Bd2 87. Bb3 Kc1 88. Ba4 Be3 89. Bb3 Kb2 90. Ba4 Bd2 91. Bb3 Ka3 92. Kf3 Kb2 93. Kg4 1/2-1/2

[Event "Titled Tuesday intern op 7th Aug"]
[Site "Chess.com INT"]
[Date "2018.08.07"]
[Round "6"]
[White "Evchin, Maxim"]
[Black "Weinstein, Norman"]
[Result "0-1"]
[WhiteElo "2265"]
[BlackElo "2450"]
[PlyCount "106"]
[EventDate "2018.08.07"]
[EventType "swiss (blitz)"]
[EventRounds "10"]
[EventCountry "USA"]
[SourceTitle "EXT 2021"]
[Source "ChessBase"]
[SourceDate "2020.10.23"]
[SourceVersion "1"]
[SourceVersionDate "2020.10.23"]
[SourceQuality "1"]

1. e4 c5 2. Nf3 d6 3. d4 Nf6 4. Nc3 cxd4 5. Nxd4 Nc6 6. f3 e6 7. Be3 d5 8. exd5 exd5 9. Qd2 Bb4 10. a3 Ba5 11. Nb3 Bb6 12. 0-0-0 Be6 13. g4 0-0 14. g5 Nd7 15. h4 Re8 16. Nd4 Rc8 17. f4 Bg4 18. Nxc6 bxc6 19. Bxb6 axb6 20. Re1 Qc7 21. Bd3 Nc5 22. Rhg1 Rxe1+ 23. Rxe1 Nxd3+ 24. cxd3 g6 25. Re5 Qd7 26. d4 Re8 27. Qe3 Rxe5 28. Qxe5 Qd8 29. Kd2 Be6 30. b4 Qa8 31. a4 Qf8 32. b5 cxb5 33. axb5 Qb4 34. Qb8+ Kg7 35. Qe5+ Kg8 36. Qe3 Qb2+ 37. Ke1 Qh2 38. Qf2 Qh1+ 39. Kd2 Qa1 40. Qe1 Qb2+ 41. Ke3 Bf5 42. Qd2 Qa1 43. Nxd5 Qg1+ 44. Qf2 Qc1+ 45. Kf3 Qh1+ 46. Ke3 Qxd5 47. Kd2 Qxb5 48. Qe3 Qb2+ 49. Ke1 Qb1+ 50. Kd2 Qe4 51. Qxe4 Bxe4 52. Kc3 Bc6 53. Kb4 Kf8 0-1

[Event "Titled Tuesday intern op 7th Aug"]
[Site "Chess.com INT"]
[Date "2018.08.07"]
[Round "1"]
[White "Tsydypov, Zhamsaran"]
[Black "Weinstein, Norman"]
[Result "1-0"]
[WhiteElo "2514"]
[BlackElo "2450"]
[PlyCount "109"]
[EventDate "2018.08.07"]
[EventType "swiss (blitz)"]
[EventRounds "10"]
[EventCountry "USA"]
[SourceTitle "EXT 2021"]
[Source "ChessBase"]
[SourceDate "2020.10.23"]
[SourceVersion "1"]
[SourceVersionDate "2020.10.23"]
[SourceQuality "1"]

1. e4 c5 2. Nf3 d6 3. d4 Nf6 4. Nc3 cxd4 5. Nxd4 Nc6 6. Bg5 e6 7. Qd2 Be7 8. 0-0-0 0-0 9. f4 d5 10. e5 Nd7 11. Bxe7 Qxe7 12. Nf3 Nb6 13. Bd3 Nb4 14. Ng5 h6 15. h4 Bd7 16. a3 Nc6 17. Qf2 f6 18. Nh7 fxe5 19. Nxf8 Rxf8 20. g3 Qf6 21. Rhf1 e4 22. Be2 Na5 23. Qd4 Nac4 24. Bxc4 Nxc4 25. Nxe4 Qxd4 26. Rxd4 Ne3 27. Rf3 Nf5 28. Rfd3 dxe4 29. Rxe4 Rf7 30. h5 Bb5 31. Rd8+ Rf8 32. Rxf8+ Kxf8 33. g4 Ne7 34. Rxe6 Bd7 35. Re5 Bxg4 36. Kd2 Kf7 37. Ra5 a6 38. Rc5 Bf3 39. Ke3 Bc6 40. c4 Kf6 41. Re5 Nf5+ 42. Kd2 g6 43. hxg6 Kxg6 44. b4 h5 45. b5 axb5 46. cxb5 Bf3 47. Ke1 h4 48. Kf2 Bd1 49. Re6+ Kh5 50. Rb6 Kg4 51. Rxb7 h3 52. Rh7 Bf3 53. b6 Nh4 54. Rxh4+ Kxh4 55. Kxf3 1-0

[Event "Titled Tuesday intern op 7th Aug"]
[Site "Chess.com INT"]
[Date "2018.08.07"]
[Round "2"]
[White "Weinstein, Norman"]
[Black "Alice, Mateus Felizardo Vi"]
[Result "0-1"]
[WhiteElo "2450"]
[BlackElo "2124"]
[PlyCount "122"]
[EventDate "2018.08.07"]
[EventType "swiss (blitz)"]
[EventRounds "10"]
[EventCountry "USA"]
[SourceTitle "EXT 2021"]
[Source "ChessBase"]
[SourceDate "2020.10.23"]
[SourceVersion "1"]
[SourceVersionDate "2020.10.23"]
[SourceQuality "1"]

1. e4 e5 2. Nf3 Nc6 3. Bb5 a6 4. Ba4 Nf6 5. 0-0 b5 6. Bb3 Be7 7. d4 d6 8. c3 0-0 9. h3 Bb7 10. Re1 exd4 11. cxd4 Nd7 12. Nc3 Bf6 13. Be3 Na5 14. Bc2 Nc4 15. Bc1 Re8 16. b3 Ncb6 17. Qd3 g6 18. Bb2 c5 19. d5 c4 20. Qd1 b4 21. Na4 c3 22. Bc1 Nxa4 23. bxa4 a5 24. Bf4 Nc5 25. Nd4 Qd7 26. Nb5 Be5 27. Bxe5 dxe5 28. Qf3 Ba6 29. Rad1 Bxb5 30. axb5 Qxb5 31. d6 a4 32. Rd5 Qc6 33. Qg3 b3 34. axb3 axb3 35. Rxc5 Qxc5 36. Bxb3 Qxd6 37. Qxc3 Ra3 38. Qc4 Re7 39. Re3 Kg7 40. Rf3 Raa7 41. Kh2 Qb8 42. Qe2 Ra3 43. Bd5 Rxf3 44. Qxf3 Qd6 45. Qg3 f5 46. Qg5 fxe4 47. Bxe4 Qf6 48. Qe3 h5 49. g3 h4 50. Kg2 hxg3 51. fxg3 Rf7 52. Bf3 Qe6 53. h4 Rc7 54. Be4 Qa2+ 55. Kh3 Ra7 56. Qc5 Qe6+ 57. g4 Qb3+ 58. Kh2 Qb2+ 59. Bg2 Qd4 60. Qc6 Qf4+ 61. Kg1 Ra1+ 0-1

[Event "Titled Tuesday intern op 5th June"]
[Site "Chess.com INT"]
[Date "2018.06.05"]
[Round "10"]
[White "Bartholomew, John"]
[Black "Weinstein, Norman"]
[Result "1-0"]
[WhiteElo "2461"]
[BlackElo "2450"]
[PlyCount "159"]
[EventDate "2018.06.05"]
[EventType "swiss (blitz)"]
[EventRounds "10"]
[EventCountry "USA"]
[SourceTitle "EXT 2021"]
[Source "ChessBase"]
[SourceDate "2020.10.23"]
[SourceVersion "1"]
[SourceVersionDate "2020.10.23"]
[SourceQuality "1"]

1. d4 c5 2. c3 e6 3. Nf3 d5 4. Bf4 Bd6 5. Bg3 Ne7 6. e3 Nf5 7. Bxd6 Qxd6 8. Bd3 Ne7 9. Nbd2 Nd7 10. 0-0 Nf6 11. Ne5 0-0 12. f4 b6 13. Qf3 a5 14. Rf2 Ba6 15. Bc2 b5 16. Qh3 g6 17. Ndf3 b4 18. Ng5 bxc3 19. bxc3 Rab8 20. dxc5 Qxc5 21. Nd7 Qxc3 22. Nxf6+ Kg7 23. Rd1 Kxf6 24. Nxh7+ Kg7 25. Nxf8 Rxf8 26. e4 Qxh3 27. gxh3 dxe4 28. Bxe4 Bc4 29. Rd7 Nd5 30. Rc2 Bb5 31. Rb7 Ba4 32. Rc4 Bd1 33. Bxd5 exd5 34. Rcc7 Bf3 35. Ra7 Kf6 36. Kf2 Be4 37. Ke3 Ke6 38. h4 f6 39. Rxa5 Kf5 40. a4 Rh8 41. Ra6 Rxh4 42. Rf7 Rh3+ 43. Kd4 Kxf4 44. Raxf6+ Kg5 45. Rf2 Rd3+ 46. Ke5 Ra3 47. Ra7 Bf5 48. Kxd5 Rc3 49. a5 Rd3+ 50. Kc4 Ra3 51. Kb4 Ra1 52. Ra8 Bd3 53. Kc5 Rc1+ 54. Kd4 Bf5 55. a6 Rd1+ 56. Kc5 Ra1 57. Kb6 Be4 58. Re8 Rb1+ 59. Ka7 Bf5 60. Re5 Rd1 61. Kb6 Rd6+ 62. Ka5 Rd1 63. Rb5 Ra1+ 64. Kb6 Re1 65. a7 Re6+ 66. Ka5 Re1 67. Ra2 Re8 68. Rb8 Re5+ 69. Kb6 Be4 70. a8Q Re6+ 71. Kc5 Bxa8 72. Rbxa8 Re5+ 73. Kd4 Rf5 74. Rg2+ Kh6 75. Ra6 Rf4+ 76. Ke3 Rf8 77. Raxg6+ Kh7 78. R6g4 Re8+ 79. Kf2 Rf8+ 80. Kg1 1-0